Who puts water in the taps? (Record no. 61729)

MARC details
000 -LEADER
fixed length control field 00510nam a2200133 a 4500
008 - FIXED-LENGTH DATA ELEMENTS--GENERAL INFORMATION
fixed length control field 120416s1983 xx |||||||||||||| || u
050 ## - LIBRARY OF CONGRESS CALL NUMBER
Classification number TD 327 Cha
100 ## - MAIN ENTRY--PERSONAL NAME
Personal name Chauhan, Sumi Krishna
245 10 - TITLE STATEMENT
Title Who puts water in the taps?
246 ## - VARYING FORM OF TITLE
Title proper/short title community participation in Third World drinking water, sanitation and health
260 ## - PUBLICATION, DISTRIBUTION, ETC.
Date of publication, distribution, etc. 1983
350 ## - PRICE (NR) (BK AM CF MU VM SE) [OBSOLETE]
Price 0.00
995 ## - RECOMMENDATION 995 [LOCAL, UNIMARC FRANCE]
-- 0.00
-- CBU-MAIN LIBRARY (Kitwe)
-- 1
-- 3.00
-- AVAILABLE
-- Main Library Open Access Collection
Holdings
Withdrawn status Lost status Source of classification or shelving scheme Damaged status Not for loan Home library Current library Shelving location Date acquired Total Checkouts Full call number Barcode Date last seen Price effective from Koha item type
          CBU-MAIN LIBRARY, KITWE. CBU-MAIN LIBRARY, KITWE.   11/30/2022   TD 327 Cha 015671 11/30/2022 11/30/2022 MONOGRAPH